{"text_format":"3","workbook":"xlsx","n_sheets":1,"sheets":["logo"],"not_rendered":{"defined_names":1},"read":"whole","date_system":"1900"}

{"sheet":"logo","index":0,"n_rows":19,"n_cols":10,"rows_kept":19,"merged":[[0,0,0,9],[1,0,3,0],[1,1,3,1],[1,2,3,2],[1,3,3,3],[1,4,3,4],[1,5,1,9],[2,5,3,5],[2,6,3,6],[2,7,3,7],[2,8,3,8],[2,9,3,9],[17,0,17,4],[18,0,22,9]]}
["2024年“D”项目logo字体制作安装工程量清单报价表",null,"","","","","",null,null,""]
["序号","项目名称","项目特征描述","计量\r\n单位","工程量","金额（元）","",null,null,""]
[null,"","","","","全费用单价限价","合价","班组所报单价","合价","备注"]
[null,"","","",""]
[1,"LOGO文字","1.镌字材料品种、颜色：1.5mm厚304拉丝本色不锈钢LOGO发光文字，焊接完成后二次拉丝。\n2.字体规格：5m×5.2m\n3.支撑材质：100×100×3mm厚镀锌矩管、50×50×3mm厚镀锌矩管、30×50×3mm厚镀锌矩管；矩管间距详见设计图纸。（具体做法详见图纸）\n4.灯珠规格：直径20mmLED白光灯珠，灯珠间距详见图纸。包含在综合单价中\n5.由于字体尺寸较大，基于安全考虑，厂家优化制作时，在闭合笔画深度1米处做封底或防坠网等安全措施费用由投标人综合考虑。\n6.其它：包含安装费用；安装方式由投标人自行考虑\n7.不包含电缆、元器件等费用，该部分另计\n8.字体焊接完成进行二次拉丝打磨。\n9.焊接缝经防锈处理。\n10.预埋件另计；无论预埋件是否由投标人实施，在埋设时投标人均应安排人员参与预埋件现场指导预埋。\n11.施工前需进行打样确认效果，打样费用(比例1:1；打样字体不少于3个字)由投标人综合考虑在投标报价中不再另计\n12.项目位于山地处，投标前应踏勘现场，投标人报价时视为已自行踏勘现场，产生的二次及多次转运费由投标人自行承担\n13.甲方不提供水源及电源接入，投标人自行考虑发电机发电和水车运水等措施\n14.投标人为了完成LOGO运输、安装所采取的措施费用（包含但不限于脚手架等）由投标人自行考虑在综合报价中\n15.其他做法：满足规范及验收要求","个","8",96700,{"$f":"F5*E5","v":773600}]
[2,"预埋件","1.型号：150X150X10mm厚连接钢板（焊接连接）；200X200X10mm厚预埋钢板；4φ12预埋锚固钢筋长度200mm\n2.其他做法：满足规范及验收要求","t",{"$f":"(0.2*0.2+0.15*0.15)*128*78.5/1000","v":0.628},6500,4082]
[3,"M20化学螺栓","1.名称：化学螺栓\n2.型号：M20\n3.安装方式：综合考虑\n4.钻孔、清孔及安装费用由投标人自行考虑\n5.其他做法：满足规范及验收要求","颗",512,12,6144]
[4,"总开关 160A3P","1.名称：总开关 160A3P\n2.型号：详见设计图纸\n3.规格：详见设计图纸\n4.其他做法：满足规范及验收要求","个","1",360,360]
[5,"定时开关 KG316T","1.名称：定时开关KG316T\n2.其他做法：满足规范及验收要求","个","1",770,770]
[6,"空气开关 160A3P","1.名称：空气开关 160A3P\n2.其他做法：满足规范及验收要求","个","8",200,1600]
[7,"交流接触器","1.名称：交流接触器 160A\n2.其他做法：满足规范及验收要求","台","8",260,2080]
[8,"配电箱 500×600×200","1.名称：配电箱 500×600×200 \n2.其他做法：满足规范及验收要求","台","8",300,2400]
[9,"漏电保护器 40A2P","1.名称：漏电保护器 40A2P\n2.其他做法：满足规范及验收要求","个","8",190,1520]
[10,"变压器  400W","1.名称：变压器  400W\n2.其他做法：满足规范及验收要求","台","204",90,18360]
[11,"电力电缆 VV-2×2.5-SGB20","1.名称：电力电缆 \n2.型号：VV-2×2.5-SGB20\n3.材质：聚氯乙烯铜芯电缆 \n4.电压（KV）：1KV \n5.地形：综合\n6.其他做法：满足规范及验收要求","m","170",9,1530]
[12,"电力电缆 YJV-3*16","1.名称：电力电缆 \n2.型号：YJV-3*16\n3.材质：YJV\n4.电压（KV）：1KV \n5.地形：综合\n6.其他做法：满足规范及验收要求","m",230,60,13800]
[13,"PVC碳素波纹管 DN32","1.名称：PVC碳素波纹管\n2.型号：详设计\n3.规格：DN32\n4.材质：PVC\n5.敷设方式：埋地\n6.其他做法：满足规范及验收要求","m",230,6,1380]
["合    计",null,"","","",null,{"$f":"SUM(G5:G17)","v":827626},null,null,""]
["说明：\n1、工程招标和分包范围：本工程的LOGO工程。\n2.投标人根据施工工艺、工序及国家现行规范自行踏勘现场后综合考虑进行报价，结算时不作调整;\n3.全费用综合单价包含人工费、所有材料费（含辅材和周转材料费）、机械设备费、工具器具费、临时设施及措施费（除临时围挡、广告外）、大型机械进出场及场内转运费、下车费、吊装费、规费、管理费、配合费、安全文明施工费、以及各种风险费、保险费、施工过程中办理的各种手续费、降水费、排水费、各种检测费、利润、税费等完成该工作所需的全部费用，结算时无论涨跌、工程量增减或其它任何风险因素，均不作调整。\n4.项目位于山地处，投标前应踏勘现场，投标人报价时视为已自行踏勘现场，知晓现场不利情况，产生的二次及多次转运费由投标人自行承担\n5.投标人自行考虑自备发电机和水车运水等保障正常施工措施，其费用综合考虑在投标报价中，不再另计。\n6.现场安全环保文明施工管理要求：（1）由公司统一发放印有“兴绿园林”字样和LOGO的安全帽和反光背心，班组按实名制领取，使用完后交回项目部，否则按采购费用扣款，其余参照合同附件中安全环保管理协议执行。（2）现场雾炮机由甲方提供，投标单位需安排人员管理使用，人工费、油费及管理费用综合考虑到投标报价中，不单独计取。"]